Normal view
MARC view
- Riofrío Calderón, Gioconda del Cisne
Entry Nombre Personal
001 - NUMERO DE CONTROL
- campo de control: 60000
003 - IDENTIFICADOR DE NUMERO DE CONTROL
- campo de control: UPN
005 - FECHA Y HORA DE LA ÜLTIMA TRANSACCIÓN
- campo de control: 20260617121431.0
008 - DATOS DE LONGITUD FIJA
- campo de control de longitud fija: 260617|| acn||aabn | a|a d
024 7# - OTROS IDENTIFICADORES NORMALIZADOS
- Fuente: orcid
- Número normalizado o código: https://orcid.org/0000-0001-5116-381X
040 ## - FUENTE DE CATALOGACIÓN
- Agencia original de catalogación: MX-MxUPN
100 1# - ENCABEZAMIENTO - NOMBRE PERSONAL
- Nombre personal: Riofrío Calderón, Gioconda del Cisne
370 ## - LUGAR ASOCIADO
- Associated country: Ecuador
371 ## - DIRECCIÓN
- Electronic mail address: gcriofrio@utpl.edu.ec
372 ## - CAMPO DE ACTIVIDAD
- Field of activity: Mediación pedagógica, innovación, educación en línea
373 ## - GRUPO ASOCIADO
- Associated group: Universidad Técnica Particular de Loja
374 ## - OCUPACIÓN
- Occupation: Docencia e investigación universitarias
670 ## - FUENTE EN LA QUE SE LOCALIZARON DATOS
- Cita de la fuente: En recurso en línea: REIFOP, Vol. 28, no. 2 (2025)
- Información localizada: (Gioconda del Cisne Riofrío Calderón)
- Uniform Resource Identifier: https://revistas.um.es/reifop/article/view/661611/382241
902 ## - CATALOGADOR
- Catalogador: Leonor Sotres/170626
